000 00953nam a22002537a 4500
005 20240530110613.0
008 161123s2015 xxu g b 000 0dara d
017 _a2014/20646
_bمصر . دار الكتب المصرية
020 _a9789774279423
040 _aEG-CaGPL
082 0 4 _221
_a390
_bق/ف ق
100 0 _aفتحي عبد السميع
245 1 2 _aالقربان البديل :
_bطقوس المصالحات الثأرية في جنوب مصر /
_cفتحي عبد السميع
250 _aط. 1
260 _aالقاهرة :
_bالدار المصرية اللبنانية ،
_c2015 .
300 _a287 ص. ؛
_c19 سم.
504 _aببليوجرافية : ص 275 - 279
650 0 7 _2qrmak
_aالثأر
650 0 7 _2qrmak
_aالمشاكل الاجتماعية
650 0 7 _2qrmak
_aالانتقام
650 0 7 _2qrmak
_aالسلوك الاجتماعي
942 _2ddc
_cBK
999 _c62908
_d62908